Statistics for Smells Like Teen Spirit - Nirvana Hook

Click here to take the quiz!

General Stats

  • This quiz has been taken 18 times
  • The average score is 28 of 33

Answer Stats

Lyrics% Correct
A
100%
A
100%
An
94%
Are
94%
Are
94%
Here
94%
Here
94%
We
94%
We
94%
Entertain
88%
Entertain
88%
I
88%
Light's
88%
Now,
88%
Now,
88%
Stupid
88%
The
88%
Us.
88%
Us.
88%
And
82%
Contageous.
82%
Feel
82%
Mosquito,
82%
My
82%
Out
82%
Yeah
82%
Albino.
76%
Dangerous.
76%
It's
76%
Less
76%
Mulatto,
65%
When
41%
Labido.
35%

Score Distribution

Percentile by Number Answered

Percent of People with Each Score

Your Score History

You have not taken this quiz